[Event "St Petersburg Botvinnik 100 op"]
[Site "St Petersburg"]
[Date "2011.08.14"]
[Round "3"]
[White "Bivol, Alina"]
[Black "Boychuk, Evgeny"]
[Result "1/2-1/2"]
[WhiteElo "2171"]
[BlackElo "1889"]
[PlyCount "94"]
[EventDate "2011.08.12"]
[EventType "swiss"]
[EventRounds "9"]
[EventCountry "RUS"]
[SourceTitle "CBM 143 Extra"]
[Source "ChessBase"]
[SourceDate "2011.08.29"]
[SourceVersion "1"]
[SourceVersionDate "2011.08.29"]
[SourceQuality "1"]

1. d4 d5 2. e3 Nf6 3. f4 Bg4 4. Nf3 e6 5. Bd3 c5 6. c3 Ne4 7. Qa4+ Nd7 8. Ne5 Nef6 9. Bb5 Bf5 10. c4 a6 11. Bxd7+ Nxd7 12. dxc5 Bxc5 13. b4 Bd6 14. Nd2 Bxe5 15. fxe5 dxc4 16. e4 b5 17. Qa3 Bg6 18. Qg3 Nb6 19. Bb2 Na4 20. Bc3 Nxc3 21. Qxc3 Qg5 22. h4 Qg4 23. Qf3 Qxf3 24. gxf3 Bh5 25. Ke2 f6 26. Rhg1 Kf7 27. exf6 gxf6 28. e5 Bg6 29. exf6 Kxf6 30. a4 Bc2 31. axb5 axb5 32. Rxa8 Rxa8 33. Rg5 e5 34. f4 Re8 35. fxe5+ Rxe5+ 36. Rxe5 Kxe5 37. Nf3+ Ke4 38. Ng5+ Kf4 39. Kd2 Bf5 40. Nf7 Kg3 41. h5 Kh4 42. h6 Kh5 43. Nd6 Bd7 44. Nf7 Bc6 45. Ke3 Bb7 46. Nd6 Ba6 47. Ne8 Bc8 1/2-1/2